| 000 | 00618nam a2200229Ia 4500 | ||
|---|---|---|---|
| 003 | OSt | ||
| 005 | 20220926032622.0 | ||
| 006 | a|||||r|||| 00| 0 | ||
| 007 | ta | ||
| 008 | 220923b |||||||| |||| 00| 0 eng d | ||
| 037 | _cGeneral Book | ||
| 040 |
_aRTL _cRTL _beng |
||
| 041 |
_2eng _aeng |
||
| 082 | _aXM5.73k, RR | ||
| 100 |
_aHoover _9337696 |
||
| 245 | 0 | _aHandbook of emrging companies | |
| 260 |
_aTexas _bHoover Business Press USA _c2001 |
||
| 300 |
_a373p _ccm. |
||
| 650 |
_aJoint Stock Companies _9230681 |
||
| 942 |
_hXM5.73k, RR _cGB _2CC |
||
| 999 |
_c655195 _d655195 |
||